| 000 | 00617nab a2200181 4500 | ||
|---|---|---|---|
| 001 | 244442 | ||
| 003 | OSt | ||
| 005 | 20260318095332.0 | ||
| 007 | tu | ||
| 008 | 260318s2020||||||| | ||
| 040 |
_aDE-2950 _cDE-2950 |
||
| 245 | 0 | 0 |
_aWirbel um Stadtjubiläum _bStadtfest. 2028 wird Frankfurt 775 Jahre alt. Doch die Vorbereitung auf das Fest stockt. OB Axel Strasser dementierte jetzt Mitteilungen übe eine Absage/ _cThomas Gutke |
| 264 | _c2026 | ||
| 653 | _aFrankfurt | ||
| 653 | _aStadtjubiläum 2028 | ||
| 773 | 0 |
_g37. Jahrgang (2026) Nr. 63 vom 16.03.2026 , S. 11 mit Foto _tMärkische Oderzeitung |
|
| 942 |
_2z _cA |
||
| 999 |
_c374348 _d374348 |
||